Farmers recover ground from city slickers (Record no. 74390)
[ view plain ]
| 000 -LEADER | |
|---|---|
| fixed length control field | 01318cab a2200205 4500 |
| 001 - CONTROL NUMBER | |
| control field | WB4017-21 |
| 008 - FIXED-LENGTH DATA ELEMENTS--GENERAL INFORMATION | |
| fixed length control field | 040506n2004 000 0 eng u |
| 035 ## - SYSTEM CONTROL NUMBER | |
| System control number | (Sirsi) u126120 |
| 245 ## - TITLE STATEMENT | |
| Title | Farmers recover ground from city slickers |
| 260 ## - PUBLICATION, DISTRIBUTION, ETC. | |
| Date of publication, distribution, etc. | 2004 |
| 490 ## - SERIES STATEMENT | |
| Series statement | RICS Press Release |
| Volume/sequential designation | (pr038) 6 May 2004 (3) |
| 520 ## - SUMMARY, ETC. | |
| Summary, etc. | The latest "RICS rural land market survey Great Britain" for the first quarter 2004 reports that, despite rising land prices, farmers are buying land, encouraged by improving commodity prices in certain sectors. Records that individual farmer buyers now account for 43% of the market, up from 38% in the fourth quarter 2003. Demand for commercial farms is also rising steadily, with 43% more surveyors reporting a rise than a fall. There is a general decline in land supply, reflecting uncertainty over CAP reform impact on the market. Copies of the survey can be downloaded from http://www.rics.org/ricscms/bin/show?class=MarketS urvey&template=/includes/showmarketsurvey.html&id= 87. http://www.rics.org/ricscms/bin/show?class=PressRe lease&template=/includes/showpr.html&id=1168&facul ty=RICS |
| 590 ## - LOCAL NOTE (RLIN) | |
| Local note | WB |
| 650 ## - SUBJECT ADDED ENTRY--TOPICAL TERM | |
| Topical term or geographic name entry element | FARMS |
| 650 ## - SUBJECT ADDED ENTRY--TOPICAL TERM | |
| Topical term or geographic name entry element | LAND PURCHASE |
| 650 ## - SUBJECT ADDED ENTRY--TOPICAL TERM | |
| Topical term or geographic name entry element | LAND SUPPLY |
| 650 ## - SUBJECT ADDED ENTRY--TOPICAL TERM | |
| Topical term or geographic name entry element | RICS RURAL LAND MARKET SURVEY GREAT BRITAIN |
| 690 ## - LOCAL SUBJECT ADDED ENTRY--TOPICAL TERM (OCLC, RLIN) | |
| Topical term or geographic name as entry element | RURAL-MARKET |
| 942 ## - ADDED ENTRY ELEMENTS (KOHA) | |
| Suppress in OPAC | 0 |
| Withdrawn status | Lost status | Source of classification or shelving scheme | Damaged status | Not for loan | Home library | Current library | Shelving location | Date acquired | Total Checkouts | Full call number | Barcode | Date last seen | Copy number | Price effective from | Koha item type |
|---|---|---|---|---|---|---|---|---|---|---|---|---|---|---|---|
| Dewey Decimal Classification | London | London | News article | 06/05/2004 | WB4017-21 | 126120-1001 | 06/08/2019 | 1 | 06/08/2019 | News article |